Herramienta para el diseño de sistemas de control óptimos y robustos

Сохранить в:
Библиографические подробности
Главный автор: Castro Sequeira, Sebastián
Формат:
Опубликовано: [San José, Costa Rica] 2009
Предметы:
Метки: Добавить метку
Нет меток, Требуется 1-ая метка записи!

MARC

LEADER 00000nam a2200000Ia 4500
003 001623
005 20221231144038.0
008 140114s2009 cr a 000 ||s d
040 |c cru CEDI 
090 |a TFG 6135 
100 |a Castro Sequeira, Sebastián   |9 3144 
245 |a  Herramienta para el diseño de sistemas de control óptimos y robustos  
260 |c 2009  |b [San José, Costa Rica] 
500 |a Proyecto de graduación (bachillerato en ingeniería eléctrica)--Universidad de Costa Rica. Facultad de Ingeniería. Escuela de Ingeniería Eléctrica 
650 |x CONTROL AUTOMATICO   |x MATLAB (PROGRAMAS PARA COMPUTADORA)   |9 2239 
942 |c TFG 
999 |c 16080  |d 16080